000 01616nam0a2200301 4500
001 RU\NLR\bibl\1254468
005 20250615125045.0
010 _a978-5-7339-0689-8
_9120
021 _aRU
_b2008-40425
_92231
035 _a(NLR Aleph) 001240521
090 _a255887
_c255887
100 _a20080721d2008 |||y0rusy50 ca
101 0 _arus
102 _aRU
105 _aa |||||||||
200 1 _aДиагностика цифровых устройств
_eучебное пособие
_fТ.А. Деменкова
_gФедерал. агентство по образованию, Гос. образоват. учреждение высш. проф. образования "Моск. гос. ин-т радиотехники, электроники и автоматики (техн. ун-т)"
210 _aМосква
_cМосоквский государственный институт радиотехники, электроники и автоматики (технический университет)
_d2008
215 _a72 с.
_cил.
_d20
313 _aСБИС
606 1 _aЦифровые сверхбольшие интегральные схемы
_jУчебные издания для высших учебных заведений
_xТехническая диагностика
_92528737
_3RU\NLR\auth\661497954
686 _aЗ844.15-082.051я73-1
700 1 _aДеменкова
_bТ. А.
_gТатьяна Александровна
_4070
801 0 _aRU
_bNLR
_c20080721
_gRCR
801 1 _aRU
_bNLR
_c20080721
830 _aавт. по кн.
942 _cBOOK
980 _aNB